<?xml version="1.0" encoding="UTF-8"?>
<record
    xmlns:xsi="http://www.w3.org/2001/XMLSchema-instance"
    xsi:schemaLocation="http://www.loc.gov/MARC21/slim http://www.loc.gov/standards/marcxml/schema/MARC21slim.xsd"
    xmlns="http://www.loc.gov/MARC21/slim">

  <leader>01009nam a22001937a 4500</leader>
  <controlfield tag="003">CDFGRT</controlfield>
  <controlfield tag="005">20220326193246.0</controlfield>
  <controlfield tag="008">140329b        xxu||||| |||| 00| 0 eng d</controlfield>
  <datafield tag="040" ind1=" " ind2=" ">
    <subfield code="c">#34345DFFG</subfield>
  </datafield>
  <datafield tag="082" ind1=" " ind2=" ">
    <subfield code="a">363.728.097.286</subfield>
    <subfield code="b">A118o</subfield>
  </datafield>
  <datafield tag="100" ind1=" " ind2=" ">
    <subfield code="a">Abarca Espeleta, Marianela y Vargas Solera Sonia</subfield>
    <subfield code="9">196</subfield>
  </datafield>
  <datafield tag="110" ind1=" " ind2=" ">
    <subfield code="a">Vicerrector&#xED;a de Acci&#xF3;n Social</subfield>
    <subfield code="9">197</subfield>
  </datafield>
  <datafield tag="245" ind1=" " ind2=" ">
    <subfield code="a">Objetos Creativos con Materiales de Desecho</subfield>
  </datafield>
  <datafield tag="260" ind1=" " ind2=" ">
    <subfield code="a">Costa Rica</subfield>
    <subfield code="b">Vicerrector&#xED;a de Acci&#xF3;n Social, Universidad de Costa Rica</subfield>
  </datafield>
  <datafield tag="300" ind1=" " ind2=" ">
    <subfield code="a">50 p.</subfield>
    <subfield code="b">ill (a color)</subfield>
    <subfield code="c">20 cm</subfield>
  </datafield>
  <datafield tag="505" ind1=" " ind2=" ">
    <subfield code="t">El uso creativo de los materiales de desecho</subfield>
    <subfield code="t">La pasta de papel</subfield>
    <subfield code="t">Hojas y flores secas</subfield>
    <subfield code="t">Recuperaci&#xF3;n y reutilizaci&#xF3;n de los espejos quebrados</subfield>
    <subfield code="t">El mosaico</subfield>
    <subfield code="t">Papel hecho a mano</subfield>
    <subfield code="t">Bolsas de papel</subfield>
    <subfield code="t">Barniz a bajo costo</subfield>
    <subfield code="t">Pi&#xF1;atas</subfield>
    <subfield code="t">Libros y tarjetas</subfield>
    <subfield code="t">Tarjetas</subfield>
    <subfield code="t">otros objetos creativos con  materiales de desecho</subfield>
  </datafield>
  <datafield tag="600" ind1=" " ind2=" ">
    <subfield code="x">Aprovechamiento de residuos</subfield>
    <subfield code="x">Basuras y aprovechamiento de basuras</subfield>
    <subfield code="x">Disposici&#xF3;n de residuos</subfield>
    <subfield code="z">Costa Rica</subfield>
    <subfield code="9">198</subfield>
  </datafield>
  <datafield tag="610" ind1=" " ind2=" ">
    <subfield code="z">Costa Rica</subfield>
    <subfield code="9">199</subfield>
  </datafield>
  <datafield tag="999" ind1=" " ind2=" ">
    <subfield code="c">30</subfield>
    <subfield code="d">30</subfield>
  </datafield>
  <datafield tag="952" ind1=" " ind2=" ">
    <subfield code="0">0</subfield>
    <subfield code="1">0</subfield>
    <subfield code="2">ddc</subfield>
    <subfield code="4">0</subfield>
    <subfield code="7">0</subfield>
    <subfield code="a">LV</subfield>
    <subfield code="b">LV</subfield>
    <subfield code="c">Pensamiento</subfield>
    <subfield code="d">2014-03-29</subfield>
    <subfield code="l">0</subfield>
    <subfield code="o">363.728.097.286 A118o</subfield>
    <subfield code="p">000009</subfield>
    <subfield code="r">2014-03-29 00:00:00</subfield>
    <subfield code="w">2014-03-29</subfield>
    <subfield code="y">01</subfield>
  </datafield>
</record>
